Koncepcia bytovej politiky. 1
Vláda SR prijala Koncepciu štátnej bytovej politiky do roku 2000. I. Ciele koncepcie bytovej politiky.
Uložené v:
| Médium: | Kapitola |
|---|---|
| Jazyk: | Slovak |
| Predmet: | |
| Tagy: |
Žiadne tagy, Buďte prvý, kto otaguje tento záznam!
|
MARC
| LEADER | 00000naa a2200000 4500 | ||
|---|---|---|---|
| 001 | r021039 | ||
| 005 | 20230825075452.0 | ||
| 041 | 0 | |a slo | |
| 044 | |a SK | ||
| 245 | 1 | 0 | |a Koncepcia bytovej politiky. 1 |
| 520 | |a Vláda SR prijala Koncepciu štátnej bytovej politiky do roku 2000. I. Ciele koncepcie bytovej politiky. | ||
| 610 | 2 | 0 | |a politika bytová |
| 610 | 2 | 0 | |a 2000 |
| 610 | 2 | 0 | |a Slovensko |
| 610 | 2 | 0 | |a bývanie |
| 610 | 2 | 0 | |a koncepcie |
| 610 | 2 | 0 | |a programy vládne |
| 610 | 2 | 0 | |a 1996 |